United states code service (Record no. 619699)

MARC details
000 -LEADER
fixed length control field 00435nam a2200157 4500
008 - FIXED-LENGTH DATA ELEMENTS--GENERAL INFORMATION
fixed length control field 260424b |||||||| |||| 00| 0 eng d
020 ## - INTERNATIONAL STANDARD BOOK NUMBER
ISBN 9780327130475
Paper back/Hardbound hbk
082 ## - DEWEY DECIMAL CLASSIFICATION NUMBER
Classification number 348.7323 UNI.16
100 ## - MAIN ENTRY--AUTHOR NAME
Personal name United States
245 ## - TITLE STATEMENT
Title United states code service
Statement of responsibility, etc /United States
260 ## - PUBLICATION, DISTRIBUTION, ETC. (IMPRINT)
Place of publication UK:
Name of publisher LexisNexis,
Year of publication 2009.
300 ## - PHYSICAL DESCRIPTION
Number of Pages xxxvi,645p.
Dimensions 22cm.
650 ## - SUBJECT ADDED ENTRY--TOPICAL TERM
Topical Term Laws, regulations, cases
942 ## - ADDED ENTRY ELEMENTS (KOHA)
Koha item type English Books

No items available.

Find us on the map